000 00643nam a22002057a 4500
005 20251108175218.0
008 250721s9999 xx 000 0 ara d
082 1 4 _aط/ق/حسي
100 1 _aالحسيبي، فرح
_eمعد
245 1 0 _aبيت النمر /
264 1 _aدمشق :
_bدار مؤسسة السباعي،
_c[200-].
300 _a[10 ص]
490 0 _aسلسلة مغامرات دبدوب
_v3
650 1 7 _aالقصص العربية
650 1 7 _aالأدب العربي
653 _aأطفال مرحلة متوسطة ( 6- 9 سنوات )
700 1 _aكتيلة، جمال
942 _2ddc
_cBK
999 _c128822
_d128822